000 00409nam a2200181Ia 4500
001 19119
005 20260306171720.0
008 260306s9999||||xx |||||||||||||| ||und||
041 _aESP
082 _a658.8
_bL21L
100 _aLamb, Charles W.
_eAUT
245 0 _aMarketing
260 _c2017
300 _axxv, 843 páginas :
_c27 cm.
650 _aGEN
654 _aCAN
942 _cLIB
_dJUS
_fJUS
_2ddc
_n
999 _c19119
_d19119